Premier League Appearances by Nationality: Belgium - Statistics

General Stats
  • This quiz has been taken 43 times
  • The average score is 7 of 10
Answer Stats
Appearances Player % Correct
288 Kevin de Bruyne
100%
278 Romelu Lukaku
90%
245 Eden Hazard
87%
232 Jan Vertonghen
82%
265 Vincent Kompany
69%
260 Marouane Fellaini
54%
243 Moussa Dembele
51%
280 Christian Benteke
41%
245 Simon Mignolet
38%
236 Youri Tielemans
38%
No matching quizzes found
Score Distribution
Percent of People with Each Score
Percentile by Number Answered
Your Score History
You have not taken this quiz